Dự báo thế thương trường thế kỷ XXI
Gespeichert in:
| 1. Verfasser: | |
|---|---|
| Format: | Buch |
| Sprache: | Undetermined |
| Veröffentlicht: |
Hà Nội
Văn Hóa Thông Tin
2004
|
| Schlagworte: | |
| Tags: |
Tag hinzufügen
Keine Tags, Fügen Sie den ersten Tag hinzu!
|
| Thư viện lưu trữ: | Trung tâm Học liệu Trường Đại học Cần Thơ |
|---|
| LEADER | 00598nam a2200193Ia 4500 | ||
|---|---|---|---|
| 001 | CTU_74182 | ||
| 008 | 210402s9999 xx 000 0 und d | ||
| 020 | |b 46000 | ||
| 082 | |a 658.818 | ||
| 082 | |b Ch312 | ||
| 100 | |a Hoàng, Ân Chính | ||
| 245 | 0 | |a Dự báo thế thương trường thế kỷ XXI | |
| 245 | 0 | |c Hoàng Ân Chính ; Tôn Nguyệt Hoa (dịch) | |
| 260 | |a Hà Nội | ||
| 260 | |b Văn Hóa Thông Tin | ||
| 260 | |c 2004 | ||
| 650 | |a Sales forecasting,Sales | ||
| 904 | |i QHieu(sửa) | ||
| 980 | |a Trung tâm Học liệu Trường Đại học Cần Thơ | ||